Mobilné zariadenie na účely merania charakteristík batérií

Salvato in:
Dettagli Bibliografici
Autore principale: Tóth, Máté (Autore)
Altri autori: Baťa, Martin (Relatore della tesi)
Natura: Manoscritto Libro
Lingua:slovacco
Pubblicazione: Bratislava : STU v Bratislave FEI, 2024
Soggetti:
Accesso online:https://opac.crzp.sk/?fn=detailBiblioFormChildIFJ31&sid=DDCD2C6FBCAD481F2849C5B200E4&seo=CRZP-detail-kniha
Tags: Aggiungi Tag
Nessun Tag, puoi essere il primo ad aggiungerne!!

MARC

LEADER 00000ntm a22000003a 4500
001 stuzp92922
003 SK-STU
005 20250326122543.6
007 ta
008 150427s2015----xo-----f-mn---000-0-slo-d
040 |a STU  |b slo 
041 0 |a slo 
044 |a xo 
100 1 |a Tóth, Máté  |u 030400  |4 aut  |U FEI Fakulta elektrotechniky a informatiky  |T FEI Ústav automobilovej mechatroniky  |X 111021  |U E400  |Y 642  |7 111021 
242 0 1 |a Portable device for battery characteristics measurements  |y eng 
245 1 0 |a Mobilné zariadenie na účely merania charakteristík batérií 
260 |a Bratislava :  |b STU v Bratislave FEI,  |c 2024 
300 |a 56 s., príl. 
650 4 |a batérie  |2 slo 
650 4 |a testovanie  |2 slo 
650 4 |a lítium-ión  |2 slo 
650 4 |a článok  |2 slo 
650 4 |a lithium-ion  |2 eng 
650 4 |a cells  |2 eng 
650 4 |a batteries  |2 eng 
650 4 |a testing  |2 eng 
700 1 |a Baťa, Martin  |u 030400  |k Z8  |4 ths  |U FEI Fakulta elektrotechniky a informatiky  |T FEI Ústav automobilovej mechatroniky  |X 72675  |U E400  |Y 642  |7 72675 
856 4 |u https://opac.crzp.sk/?fn=detailBiblioFormChildIFJ31&sid=DDCD2C6FBCAD481F2849C5B200E4&seo=CRZP-detail-kniha